| 000 | 00424nam a2200169Ia 4500 | ||
|---|---|---|---|
| 005 | 20250425160923.0 | ||
| 008 | 250425s9999 xx 000 0 und d | ||
| 041 | _aspa | ||
| 082 | _a342.47 | ||
| 245 | 0 | _aCONSTITUCION: LEY FUNDAMENTAL DE LA UNION DE REPUBLICAS SOCIALISTAS SOVIETICAS | |
| 250 | _a1A ED. | ||
| 260 |
_aReino Unido _bPROGRESO _c1977 |
||
| 260 | _aS.L. | ||
| 300 | _a71 | ||
| 942 | _c01 | ||
| 010 | _a8351 | ||
| 999 |
_c198861 _d198861 |
||